[Event "C.to Europeo U10"]
[Site "Peniscola ESP"]
[Date "2002.09.30"]
[Round "2"]
[White "Tomat, Riccardo"]
[Black "Fischer, Thomas"]
[Result "1-0"]
[WhiteElo "1548"]
[BlackElo "2227"]
[PlyCount "115"]
[EventDate "2002.09.29"]

1. e4 e5 2. Nf3 Nc6 3. Bb5 a6 4. Bxc6 dxc6 5. O-O f6 6. d4 exd4 7. Nxd4 c5 8.
Nb3 Qxd1 9. Rxd1 Bd7 10. Be3 b6 11. Nc3 O-O-O 12. a4 Bd6 13. a5 c4 14. Nd4 b5
15. Nce2 Ne7 16. b3 cxb3 17. Nxb3 Nc6 18. Bc5 Be6 19. Bxd6 Bxb3 20. cxb3 cxd6
21. Nc3 Rhe8 22. f3 f5 23. exf5 Re3 24. Ne4 Rxb3 25. Rxd6 Rxd6 26. Nxd6+ Kc7
27. Ne8+ Kd7 28. Nxg7 Ke7 29. Re1+ Kf6 30. Re6+ Kxg7 31. Rxc6 Ra3 32. Rxa6 b4
33. Rb6 Rxa5 34. Rxb4 Rxf5 35. Kf2 Ra5 36. Kg3 Kg6 37. h3 h6 38. Rg4+ Kf6 39.
h4 Ra3 40. h5 Kf7 41. Rg6 Ra5 42. Rxh6 Kg7 43. Rb6 Rxh5 44. Kg4 Ra5 45. g3 Kf7
46. f4 Kg7 47. f5 Ra3 48. Kh4 Ra4+ 49. Kg5 Ra7 50. g4 Rc7 51. Rh6 Rc5 52. Re6
Rc7 53. f6+ Kf7 54. Re7+ Rxe7 55. fxe7 Kxe7 56. Kh6 Kf7 57. g5 Kg8 58. Kg6 1-0

[Event "XXIII C.to Italiano UISP"]
[Site "Rimini ITA"]
[Date "2002.12.??"]
[Round "1"]
[White "Avanzi, Gioni"]
[Black "Traversi, Carlo"]
[Result "0-1"]
[WhiteElo "1344"]
[BlackElo "1537"]
[PlyCount "76"]
[EventDate "2002.12.12"]

1.d4 Nf6 2.c4 g6 3.Nc3 d5 4.cxd5 Nxd5 5.e4 Nxc3 6.bxc3 Bg7 7.Nf3 c5 8.Be3 
Nc6 9.Bb5 Bd7 10.O-O cxd4 11.cxd4 O-O 12.Bxc6 Bxc6 13.e5 Rc8 14.Nd2 Qd5 
15.f3 f6 16.exf6 Bxf6 17.Qb3 Rfd8 18.Qxd5+ Bxd5 19.Rfc1 b6 20.Nb3 Kf7 21.
Kf2 h5 22.h3 e5 23.dxe5 Bxe5 24.Rab1 Be6 25.Rxc8 Rxc8 26.Rc1 Rxc1 27.Bxc1 
Kf6 28.Be3 Bxb3 29.axb3 g5 30.Ke2 Bf4 31.Bd4+ Ke6 32.Kd3 Kd5 33.Be3 Bxe3 
34.Kxe3 h4 35.f4 gxf4+ 36.Kxf4 b5 37.Kg4 a5 38.Kxh4 a4 0-1

[Event "XXIII C.to Italiano UISP"]
[Site "Rimini ITA"]
[Date "2002.12.??"]
[Round "1"]
[White "Bongiovanni, Marco"]
[Black "Bartolozzi, Roberto"]
[Result "0-1"]
[WhiteElo "1708"]
[BlackElo "2069"]
[PlyCount "92"]
[EventDate "2002.12.12"]

1.e4 e6 2.d4 d5 3.Nc3 Bb4 4.a3 Bxc3+ 5.bxc3 dxe4 6.f3 e3 7.Bxe3 Nf6 8.Bg5 
Nbd7 9.Bd3 c5 10.Nh3 h6 11.Bd2 b6 12.O-O Bb7 13.Nf2 Qc7 14.Re1 Qd6 15.Ne4 
Nxe4 16.fxe4 cxd4 17.cxd4 Qxd4+ 18.Kh1 O-O 19.Rb1 Ne5 20.Rb3 Rac8 21.Bf4 
Rfd8 22.Qh5 Nxd3 23.Rxd3 Qf2 24.Bg3 Qc5 25.Qxc5 bxc5 26.Rde3 Rd2 27.c3 f5 
28.Be5 Bxe4 29.Rg3 g5 30.h4 g4 31.Bf4 Rd7 32.Bxh6 Rb8 33.Bf4 Kf7 34.Kg1 
Rb2 35.Ra1 Kg6 36.Kf1 Kh5 37.Bg5 a5 38.Re3 Bxg2+ 39.Kg1 Be4 40.Bf6 Rg2+ 
41.Kf1 Rh2 42.Rae1 Rh1+ 43.Kf2 Rd2+ 44.R3e2 Rh2+ 45.Kf1 Rhxe2 46.Rxe2 Bd3 
0-1

[Event "XXIII C.to Italiano UISP"]
[Site "Rimini ITA"]
[Date "2002.12.??"]
[Round "1"]
[White "Capuano, Francesca"]
[Black "Fragni, Enrico"]
[Result "1-0"]
[WhiteElo "2023"]
[BlackElo "1684"]
[PlyCount "72"]
[EventDate "2002.12.12"]

1.d4 c6 2.Nf3 d6 3.c3 Bg4 4.e4 Qc7 5.Be3 Nd7 6.Nbd2 e5 7.Qc2 Ngf6 8.Bd3 
Be7 9.O-O O-O 10.Ne1 Bh5 11.h3 Rfe8 12.f4 exd4 13.Bxd4 h6 14.f5 c5 15.Bf2 
Ne5 16.g4 Bxg4 17.hxg4 Nfxg4 18.Nef3 d5 19.exd5 Nxf2 20.Rxf2 Ng4 21.Re2 
Bf6 22.Nf1 Rxe2 23.Qxe2 Be5 24.Nxe5 Nxe5 25.Bc2 c4 26.Qe4 f6 27.Rd1 Qd6 
28.b3 b5 29.bxc4 bxc4 30.Rb1 Rb8 31.Kg2 Rxb1 32.Bxb1 Qa3 33.Qc2 Kh7 34.Ng3
Nd3 35.Qd2 Ne5 36.d6 Qa4 1-0

[Event "XXIII C.to Italiano UISP"]
[Site "Rimini ITA"]
[Date "2002.12.??"]
[Round "1"]
[White "Caroli, Tommaso"]
[Black "Giussani, Igor"]
[Result "0-1"]
[WhiteElo "1789"]
[BlackElo "1600"]
[PlyCount "108"]
[EventDate "2002.12.12"]

1.e4 e5 2.Nf3 Nc6 3.d4 exd4 4.Bc4 Bc5 5.O-O d6 6.h3 Nf6 7.Re1 O-O 8.Bg5 h6
9.Bh4 Ne5 10.Bb3 Ng6 11.Bg3 Re8 12.Nh4 Nxh4 13.Bxh4 g5 14.Bg3 Rxe4 15.Nd2 
Rxe1+ 16.Qxe1 Bf5 17.Qf1 Qd7 18.Rd1 Ne4 19.Kh2 Nxd2 20.Rxd2 Re8 21.Qd1 Kg7
22.f3 Qe7 23.a3 Bb6 24.Bc4 Bg6 25.Bf2 d3 26.cxd3 Bxf2 27.Rxf2 Qe5+ 28.g3 
Qd4 29.Re2 Rxe2+ 30.Qxe2 d5 31.Ba2 Bxd3 32.Qd2 c5 33.g4 Bc4 34.Qxd4+ cxd4 
35.b3 Bd3 36.Kg2 Kf6 37.b4 Bc4 38.Bb1 Ke5 39.Kf2 Kf4 40.Bc2 d3 41.Bd1 d4 
42.a4 b6 43.a5 Ba2 44.Ba4 Bb1 45.Bc6 Bc2 46.Be4 bxa5 47.bxa5 f6 48.Bf5 Ke5
49.Ke1 d2+ 50.Kxd2 Bxf5 51.gxf5 Kxf5 52.Kd3 Ke5 53.a6 Kd5 54.Kd2 Kc4 0-1

[Event "XXIII C.to Italiano UISP"]
[Site "Rimini ITA"]
[Date "2002.12.??"]
[Round "1"]
[White "Catalano, Luigi"]
[Black "Petrelli, Fabrizio"]
[Result "1-0"]
[WhiteElo "1570"]
[BlackElo "1500"]
[PlyCount "115"]
[EventDate "2002.12.12"]

1.e4 e5 2.Nf3 Nc6 3.Bb5 d6 4.O-O Nf6 5.Nc3 Be7 6.d3 O-O 7.a3 Bg4 8.h3 Bxf3
9.Qxf3 Nd4 10.Qd1 d5 11.exd5 Nxd5 12.Bc4 Nxc3 13.bxc3 Nf5 14.Qg4 Qd7 15.
Rb1 b6 16.Re1 Bd6 17.Bd5 Rad8 18.Be4 Ne7 19.Qxd7 Rxd7 20.c4 c6 21.a4 f5 
22.Bf3 c5 23.Bb2 Ng6 24.Bh5 Rc7 25.Bc1 Rcc8 26.Bd2 e4 27.Kf1 Rc6 28.a5 Bc7
29.axb6 Rxb6 30.Rxb6 Bxb6 31.Ra1 Ra8 32.Ba5 Rb8 33.Bxg6 hxg6 34.f3 e3 35.
Bc3 Rb7 36.Be5 Re7 37.f4 a5 38.h4 Ra7 39.Ke2 Kh7 40.Kxe3 Kh6 41.Kf3 Kh5 
42.g3 a4 43.Ra2 Bd8 44.c3 Bf6 45.d4 Bd8 46.Bd6 cxd4 47.cxd4 Ra6 48.c5 Bf6 
49.Be5 Bd8 50.Bxg7 a3 51.Be5 Be7 52.Bg7 Bd8 53.d5 Ra7 54.Bd4 Ra5 55.d6 Ra4
56.Be3 Bf6 57.c6 Bb2 58.c7 1-0

[Event "XXIII C.to Italiano UISP"]
[Site "Rimini ITA"]
[Date "2002.12.??"]
[Round "1"]
[White "D'Innocente, Stefano"]
[Black "Ricci, Marco"]
[Result "1-0"]
[WhiteElo "2234"]
[BlackElo "2165"]
[PlyCount "103"]
[EventDate "2002.12.12"]

1.e4 e6 2.d4 d5 3.Nd2 Nf6 4.e5 Nfd7 5.Bd3 c5 6.c3 Nc6 7.Ne2 cxd4 8.cxd4 f6
9.exf6 Nxf6 10.O-O Bd6 11.Nf3 O-O 12.Bf4 Bxf4 13.Nxf4 Ne4 14.Qc1 Ng5 15.
Nxg5 Qxg5 16.Ne2 Qxc1 17.Raxc1 e5 18.dxe5 Nxe5 19.Rfd1 Bd7 20.Bb1 Bc6 21.
Nd4 Rf6 22.Re1 Re8 23.Re2 Nc4 24.Rxe8+ Bxe8 25.b3 Nd2 26.Bf5 Ne4 27.Be6+ 
Kf8 28.Bxd5 Nxf2 29.Rf1 Ng4 30.Rxf6+ Nxf6 31.Bxb7 Bd7 32.Kf1 Ng4 33.h3 
Ne3+ 34.Ke2 Nf5 35.Nxf5 Bxf5 36.Ke3 Ke7 37.Be4 Be6 38.Bxh7 Kf6 39.Bc2 Ke5 
40.a3 Bd5 41.g3 g5 42.b4 Bg2 43.h4 gxh4 44.gxh4 Bd5 45.h5 Kf6 46.h6 Kf7 
47.Kd4 Bg2 48.Kc5 Bb7 49.Kd6 Ba6 50.Kc7 Kg8 51.Kb8 Be2 52.Kxa7 1-0

[Event "XXIII C.to Italiano UISP"]
[Site "Rimini ITA"]
[Date "2002.12.??"]
[Round "1"]
[White "De Maria, Isaia"]
[Black "Alessi, Andrea"]
[Result "1-0"]
[WhiteElo "1738"]
[BlackElo "1581"]
[PlyCount "79"]
[EventDate "2002.12.12"]

1.e4 e5 2.Nf3 Nc6 3.Nc3 Nf6 4.Bb5 d6 5.d4 Bd7 6.O-O Be7 7.Re1 Nxd4 8.Bxd7+
Qxd7 9.Nxd4 exd4 10.Qxd4 O-O 11.Bg5 Ne8 12.Bxe7 Qxe7 13.Rad1 Qg5 14.Nd5 f5
15.exf5 c6 16.Qe3 Qh5 17.Ne7+ Kh8 18.Qb3 b6 19.Rd3 Rf7 20.Qe6 Nc7 21.Qxd6 
Re8 22.Qxc7 Qxf5 23.Ng6+ hxg6 24.Rxe8+ Kh7 25.Qg3 g5 26.Qh3+ Kg6 27.Rd6+ 
Rf6 28.Rxf6+ Qxf6 29.Re6 Kf7 30.Rxf6+ gxf6 31.Kf1 Kg6 32.Ke2 c5 33.g4 a5 
34.Ke3 b5 35.Ke4 c4 36.Qh5+ Kg7 37.Kf5 b4 38.Qg6+ Kh8 39.Kxf6 a4 40.Qg7# 
1-0

[Event "XXIII C.to Italiano UISP"]
[Site "Rimini ITA"]
[Date "2002.12.??"]
[Round "1"]
[White "Efimov, Igor"]
[Black "Mazzilli, Piero"]
[Result "1/2-1/2"]
[WhiteElo "2480"]
[BlackElo "2215"]
[PlyCount "98"]
[EventDate "2002.12.12"]

1.d4 d5 2.c4 e6 3.Nc3 c6 4.e3 Bd6 5.Qc2 f5 6.Bd3 Nf6 7.Nge2 O-O 8.f3 Nbd7 
9.Bd2 Qe7 10.a3 g6 11.O-O b6 12.e4 fxe4 13.fxe4 e5 14.cxd5 exd4 15.dxc6 
dxc3 16.Bc4+ Kg7 17.Bxc3 Ne5 18.Nf4 Nxc4 19.Nd5 Bc5+ 20.Kh1 Ne3 21.Nxe3 
Bxe3 22.Rf3 Qc5 23.Qd3 Bg4 24.Bb4 Rfd8 25.Qxe3 Qxe3 26.Rxe3 Rac8 27.h3 Be6
28.Rc1 Ne8 29.Bc3+ Kg8 30.Be5 Nd6 31.b3 Nb5 32.a4 Nd4 33.c7 Rd7 34.Rd1 Nc6
35.Rxd7 Bxd7 36.Bg3 Kf7 37.Rd3 Be6 38.Kh2 g5 39.Bd6 Kg6 40.b4 a5 41.b5 Na7
42.Be5 Re8 43.g4 Nc8 44.Rf3 h6 45.Rf6+ Kh7 46.Bd4 Bb3 47.e5 Bxa4 48.Bxb6 
Bxb5 49.Bxa5 Rxe5 1/2-1/2

[Event "XXIII C.to Italiano UISP"]
[Site "Rimini ITA"]
[Date "2002.12.??"]
[Round "1"]
[White "Favara, Vincenzo"]
[Black "Musmarra, Giovanni"]
[Result "1/2-1/2"]
[WhiteElo "1525"]
[BlackElo "1362"]
[PlyCount "97"]
[EventDate "2002.12.12"]

1.e4 d5 2.exd5 Nf6 3.Bc4 Nxd5 4.Bxd5 Qxd5 5.Nf3 Bg4 6.Nc3 Qa5 7.d4 c6 8.
Qd3 Nd7 9.Be3 e6 10.Bd2 Qc7 11.Ne4 Bf5 12.O-O Nf6 13.Nfg5 h6 14.Nxf6+ gxf6
15.Ne4 O-O-O 16.f4 c5 17.c3 Be7 18.Qf3 Kb8 19.Be3 cxd4 20.cxd4 Qc6 21.Ng3 
Qxf3 22.Rxf3 Bg6 23.f5 exf5 24.Nxf5 Bxf5 25.Rxf5 h5 26.d5 h4 27.h3 Rhg8 
28.Rc1 Rg6 29.Bf4+ Bd6 30.Bxd6+ Rxd6 31.Rh5 a6 32.Rc4 Rg5 33.Rhxh4 Rgxd5 
34.Rc2 Rf5 35.Rh7 Rd7 36.h4 Re5 37.h5 Rg5 38.Rh8+ Ka7 39.h6 Rh5 40.h7 f5 
41.Rc3 f6 42.Rh3 Rxh3 43.gxh3 Kb6 44.Kf2 f4 45.Kf3 Rd3+ 46.Kg4 f5+ 47.Kh4 
Rd7 48.Kg5 f3 49.Rf8 1/2-1/2

[Event "XXIII C.to Italiano UISP"]
[Site "Rimini ITA"]
[Date "2002.12.??"]
[Round "1"]
[White "Ferucci, Ferruccio"]
[Black "Finocchiaro, Dante"]
[Result "0-1"]
[WhiteElo "1627"]
[BlackElo "1395"]
[PlyCount "89"]
[EventDate "2002.12.12"]

1.e4 c5 2.Nf3 d6 3.c3 Nf6 4.Bd3 Nc6 5.O-O Bg4 6.Re1 e5 7.Bc2 Be7 8.d4 cxd4
9.Qd3 Bxf3 10.Qxf3 Qc7 11.Bd2 b5 12.a4 Rb8 13.axb5 Rxb5 14.b4 O-O 15.Qd3 
Rbb8 16.Na3 Qb7 17.Nc4 dxc3 18.Bxc3 Nxb4 19.Bxb4 Qxb4 20.Reb1 Qc5 21.Rd1 
Rfd8 22.Ra5 Rb5 23.Rda1 Rxa5 24.Rxa5 Qc7 25.Ra1 Rc8 26.Ne3 a5 27.h3 Qc5 
28.Bd1 Qc3 29.Qb1 Bf8 30.Ra2 Qc1 31.Qb7 Qc7 32.Qa6 Nxe4 33.Rc2 Nc5 34.Qe2 
Qd8 35.Qg4 Ne6 36.Nf5 g6 37.Ra2 Qg5 38.Ne3 Qxg4 39.Nxg4 Rc5 40.Nf6+ Kg7 
41.Nd7 Rc1 42.Rd2 a4 43.Kh2 a3 44.Bb3 Nc5 45.Ba2 0-1

[Event "XXIII C.to Italiano UISP"]
[Site "Rimini ITA"]
[Date "2002.12.??"]
[Round "1"]
[White "Franceschi, Riccardo"]
[Black "Ronchetti, Niccolo'"]
[Result "1-0"]
[WhiteElo "2152"]
[BlackElo "2233"]
[PlyCount "59"]
[EventDate "2002.12.12"]

1.e4 c5 2.c3 d5 3.exd5 Qxd5 4.d4 cxd4 5.cxd4 Nc6 6.Nf3 e5 7.Nc3 Bb4 8.Bd2 
Bxc3 9.Bxc3 e4 10.Ne5 Nxe5 11.dxe5 Ne7 12.Qa4+ Bd7 13.Qb4 a5 14.Qb6 Bc6 
15.Rd1 Qxa2 16.Qc5 Qe6 17.Bc4 Qg4 18.O-O b6 19.Qe3 Rb8 20.h3 Qh4 21.e6 f6 
22.Rd7 Bxd7 23.exd7+ Kxd7 24.Bxa5 Rhc8 25.Bb5+ Ke6 26.Qb3+ Kf5 27.Bb4 Rb7 
28.Qf7 Rcc7 29.Bd6 h5 30.f3 1-0

[Event "XXIII C.to Italiano UISP"]
[Site "Rimini ITA"]
[Date "2002.12.??"]
[Round "1"]
[White "Ganci, Fabrizio"]
[Black "Collutiis, Duilio"]
[Result "1/2-1/2"]
[WhiteElo "2019"]
[BlackElo "2332"]
[PlyCount "90"]
[EventDate "2002.12.12"]

1.d4 Nf6 2.Nf3 c5 3.c3 e6 4.Bg5 cxd4 5.cxd4 Qb6 6.Qc2 Nc6 7.Bxf6 gxf6 8.e3
d5 9.Nc3 Bd7 10.Be2 Rc8 11.O-O Na5 12.Rac1 Be7 13.Qb1 Bb4 14.Na4 Qd8 15.
Rxc8 Bxc8 16.Rc1 O-O 17.Qc2 Bd6 18.Bd3 Kg7 19.Nc3 Nc6 20.a3 f5 21.Ne2 Bd7 
22.g3 Qe7 23.Kg2 a6 24.b4 Rb8 25.Rb1 Be8 26.Nh4 Kh8 27.Kg1 Na7 28.Ng2 Rc8 
29.Qb3 Qc7 30.Ngf4 Bb5 31.Rc1 Qd8 32.Rc3 Bxd3 33.Nxd3 Nb5 34.Rc1 Rxc1+ 35.
Nexc1 Qc8 36.a4 Na7 37.Kf1 Qc4 38.Ke1 b5 39.axb5 axb5 40.Qxc4 bxc4 41.Nc5 
Kg7 42.Ne2 Nb5 43.Kd2 Kf8 44.Nc3 Nxc3 45.Kxc3 Ke7 1/2-1/2

[Event "XXIII C.to Italiano UISP"]
[Site "Rimini ITA"]
[Date "2002.12.??"]
[Round "1"]
[White "Genocchio, Daniele"]
[Black "Ferro, Mario"]
[Result "1-0"]
[WhiteElo "2345"]
[BlackElo "2194"]
[PlyCount "61"]
[EventDate "2002.12.12"]

1.Nf3 c5 2.g3 b6 3.Bg2 Bb7 4.O-O e6 5.Re1 Nf6 6.c4 Be7 7.Nc3 d5 8.cxd5 
Nxd5 9.Qa4+ Qd7 10.Qg4 h5 11.Qh3 g5 12.Ne5 Qc7 13.Nxd5 exd5 14.Qf5 Rf8 15.
d4 Nd7 16.e4 Nxe5 17.exd5 Ng6 18.d6 Qxd6 19.Bxb7 Rb8 20.Bxg5 Qd7 21.Be4 
Qxf5 22.Bxf5 Kd8 23.Rxe7 Nxe7 24.dxc5 f6 25.Bf4 Nxf5 26.Bxb8 Rf7 27.cxb6 
axb6 28.Rd1+ Kc8 29.Bf4 Ng7 30.Rd6 Kb7 31.Be3 1-0

[Event "XXIII C.to Italiano UISP"]
[Site "Rimini ITA"]
[Date "2002.12.??"]
[Round "1"]
[White "Iotti, Pierluigi"]
[Black "Gazzarri, Alberto"]
[Result "1-0"]
[WhiteElo "2314"]
[BlackElo "2173"]
[PlyCount "113"]
[EventDate "2002.12.12"]

1.d4 Nf6 2.Nf3 g6 3.g3 Bg7 4.Bg2 d6 5.O-O O-O 6.c4 Nbd7 7.Nc3 e5 8.e4 Qe7 
9.h3 c6 10.b3 b6 11.Bb2 Ba6 12.Re1 Rfd8 13.a4 h6 14.d5 c5 15.Nd2 Nh5 16.a5
Rdb8 17.Nb5 Nf8 18.Bf1 Nh7 19.Qe2 Bc8 20.axb6 axb6 21.Bc3 Bf8 22.Nf3 Qb7 
23.Qb2 Be7 24.Bd2 g5 25.Nh2 N7f6 26.Bg2 Bd7 27.Nf1 Kh7 28.Ne3 Ng7 29.g4 
Nfe8 30.Nc3 Nc7 31.b4 cxb4 32.Qxb4 Na6 33.Qb2 Nc5 34.Bf1 Ra5 35.Reb1 Rxa1 
36.Rxa1 h5 37.f3 f6 38.Nc2 Kg6 39.Be3 Qc8 40.Nb4 hxg4 41.hxg4 Qh8 42.Ra7 
Qh4 43.Qf2 Qh7 44.Qh2 Qxh2+ 45.Kxh2 Rh8+ 46.Kg1 Kf7 47.Na6 Rd8 48.Be2 Ke8 
49.Bd1 Rc8 50.Bxc5 bxc5 51.Ba4 Rd8 52.Rxd7 Rxd7 53.Nb8 Kd8 54.Nxd7 Kc7 55.
Bc6 Ne8 56.Nxc5 Kb6 57.N5a4+ 1-0

[Event "XXIII C.to Italiano UISP"]
[Site "Rimini ITA"]
[Date "2002.12.??"]
[Round "1"]
[White "Livecchi, Dario"]
[Black "Soprano, Paolo"]
[Result "0-1"]
[WhiteElo "2166"]
[BlackElo "2276"]
[PlyCount "92"]
[EventDate "2002.12.12"]

1.d4 e6 2.c4 Nf6 3.Nc3 Bb4 4.Qc2 O-O 5.Nf3 b6 6.g3 Bb7 7.Bg2 Be4 8.Qb3 Nc6
9.O-O Bxc3 10.Qxc3 Rc8 11.b4 d5 12.c5 b5 13.a4 Bxf3 14.Bxf3 Rb8 15.Bf4 Qd7
16.e3 a6 17.axb5 axb5 18.Ra6 h6 19.h4 Rfc8 20.Kh2 Ne4 21.Bxe4 dxe4 22.Qb3 
Ra8 23.Rfa1 Rxa6 24.Rxa6 Ne7 25.Qa3 Nd5 26.c6 Qe7 27.Ra8 Rxa8 28.Qxa8+ Kh7
29.Qb7 g5 30.hxg5 hxg5 31.Be5 f6 32.Bxf6 Qxf6 33.Qxb5 Qe7 34.Qe2 Nxb4 35.
Qg4 Qf6 36.Qh5+ Kg7 37.Qe8 Nd3 38.Qd7+ Qf7 39.f4 exf3 40.Kg1 Nb4 41.Qd8 
Kg6 42.Qa8 Nd5 43.Kf2 g4 44.Qh8 Nf6 45.e4 Nxe4+ 46.Ke3 f2 0-1

[Event "XXIII C.to Italiano UISP"]
[Site "Rimini ITA"]
[Date "2002.12.??"]
[Round "1"]
[White "Loi, Alberto"]
[Black "Fronzi, Ettore"]
[Result "1/2-1/2"]
[WhiteElo "1414"]
[BlackElo "1618"]
[PlyCount "74"]
[EventDate "2002.12.12"]

1.b3 e6 2.Bb2 Nf6 3.g3 Be7 4.Bg2 d5 5.d3 O-O 6.Nd2 c6 7.h4 Nbd7 8.e4 e5 9.
Qe2 Re8 10.g4 dxe4 11.g5 exd3 12.Qxd3 Nh5 13.O-O-O Nf4 14.Qg3 Nxg2 15.Qxg2
a5 16.Kb1 Bf8 17.h5 Qc7 18.Ne4 Kh8 19.g6 f5 20.h6 fxe4 21.hxg7+ Bxg7 22.
Rxh7+ Kg8 23.Qxe4 Nf6 24.Qh4 Bg4 25.Re1 Qd7 26.f4 Nxh7 27.Qxh7+ Kf8 28.
Ba3+ Re7 29.fxe5 Be6 30.Rf1+ Ke8 31.Bd6 Bxe5 32.g7 Qxd6 33.g8=Q+ Bxg8 34.
Qxg8+ Kd7 35.Qxa8 Qd4 36.Qxb7+ Kd6 37.Qb8+ Kd7 1/2-1/2

[Event "XXIII C.to Italiano UISP"]
[Site "Rimini ITA"]
[Date "2002.12.??"]
[Round "1"]
[White "Maioli, Alessandro"]
[Black "Antoniacci, Riccardo"]
[Result "0-1"]
[WhiteElo "1534"]
[BlackElo "1927"]
[PlyCount "128"]
[EventDate "2002.12.12"]

1.d4 Nf6 2.c4 e6 3.Nc3 Bb4 4.Qc2 d5 5.Bg5 h6 6.Bh4 g5 7.Bg3 Ne4 8.e3 h5 9.
f3 Nxg3 10.hxg3 Bd6 11.f4 c5 12.Nf3 cxd4 13.Nxd4 Nc6 14.Nf3 Qb6 15.Qd2 Bc5
16.Na4 Bxe3 17.Nxb6 Bxd2+ 18.Kxd2 axb6 19.Nxg5 Nd4 20.Kc3 Nf5 21.Rh3 Ne3 
22.Be2 f6 23.Rxh5 Rg8 24.Nf3 dxc4 25.Bxc4 Nxc4 26.Kxc4 Bd7 27.Nd4 Ra4+ 28.
b4 Rxg3 29.Rh8+ Ke7 30.Rh7+ Ke8 31.Rd1 Rxa2 32.Rh8+ Kf7 33.Rh7+ Rg7 34.
Rxg7+ Kxg7 35.Nf5+ exf5 36.Rxd7+ Kg6 37.Rxb7 Rxg2 38.Rxb6 Rg4 39.b5 Rxf4+ 
40.Kc5 Rf1 41.Rd6 f4 42.b6 f3 43.b7 Rb1 44.Rd3 f2 45.Rf3 Rxb7 46.Rxf2 Rd7 
47.Kc6 Rd1 48.Kc5 f5 49.Rg2+ Kf6 50.Rf2 Ke5 51.Re2+ Kf4 52.Rf2+ Kg4 53.
Rg2+ Kf3 54.Rg6 f4 55.Kc4 Kf2 56.Rf6 f3 57.Kc3 Kg2 58.Rg6+ Kf1 59.Rf6 f2 
60.Kc2 Rd5 61.Rf8 Kg2 62.Rg8+ Kf3 63.Rf8+ Kg3 64.Rg8+ Kf4 0-1

[Event "XXIII C.to Italiano UISP"]
[Site "Rimini ITA"]
[Date "2002.12.??"]
[Round "1"]
[White "Perico', Alessandro"]
[Black "Vanzan, Alessandro"]
[Result "0-1"]
[WhiteElo "1600"]
[BlackElo "1576"]
[PlyCount "48"]
[EventDate "2002.12.12"]

1.d4 Nf6 2.c4 g6 3.Nc3 Bg7 4.e4 d6 5.Nf3 O-O 6.Be2 e5 7.d5 Nbd7 8.O-O Nc5 
9.Qc2 a5 10.Be3 Nh5 11.Bxc5 dxc5 12.Qd2 Nf4 13.Rad1 Bh6 14.Qc2 Qe7 15.Nb5 
Rd8 16.g3 Nh3+ 17.Kg2 f5 18.Bd3 f4 19.Qd2 Kg7 20.Qc3 Re8 21.Be2 Ng5 22.d6 
Bh3+ 23.Kh1 cxd6 24.Rfe1 Nxe4 0-1

[Event "XXIII C.to Italiano UISP"]
[Site "Rimini ITA"]
[Date "2002.12.??"]
[Round "1"]
[White "Rebeggiani, Luca"]
[Black "Rombaldoni, Axel"]
[Result "1-0"]
[WhiteElo "1708"]
[BlackElo "1669"]
[PlyCount "97"]
[EventDate "2002.12.12"]

1.c4 e5 2.Nc3 Nc6 3.g3 d6 4.Bg2 Bd7 5.e3 Be7 6.Nd5 f5 7.Ne2 Nf6 8.Nec3 O-O
9.d4 exd4 10.exd4 Re8 11.O-O Nxd5 12.Bxd5+ Kh8 13.Qh5 g6 14.Qh6 Bf8 15.Qf4
Bg7 16.Be3 Rb8 17.a3 Qf6 18.Rad1 Nd8 19.h4 Ne6 20.Bxe6 Bxe6 21.d5 Bd7 22.
Bxa7 Rbd8 23.Bd4 Qf7 24.Rfe1 h6 25.Qxh6+ Kg8 26.Qxg7+ Qxg7 27.Bxg7 Kxg7 
28.f4 Kf7 29.Kf2 Ra8 30.Rxe8 Bxe8 31.Nb5 Rc8 32.Nd4 Bd7 33.Re1 Kf6 34.Ne6 
c6 35.Ng5 cxd5 36.cxd5 Rc5 37.Ke3 Rxd5 38.Re2 Bb5 39.Rd2 Rxd2 40.Kxd2 Bc6 
41.Kc3 Ke7 42.Kd4 b5 43.Nh3 Kd7 44.Nf2 Kc7 45.Nd3 Kb6 46.Nb4 Be4 47.g4 Ka5
48.h5 gxh5 49.gxh5 1-0

[Event "XXIII C.to Italiano UISP"]
[Site "Rimini ITA"]
[Date "2002.12.??"]
[Round "1"]
[White "Restivo, Antonio"]
[Black "Fernandez, Gianluca"]
[Result "1-0"]
[WhiteElo "1600"]
[BlackElo "1438"]
[PlyCount "79"]
[EventDate "2002.12.12"]

1.e4 e5 2.Nf3 Nc6 3.Bb5 d6 4.d4 Bd7 5.O-O Nxd4 6.Bxd7+ Qxd7 7.Nxd4 exd4 8.
Qxd4 c5 9.Qd3 Nf6 10.Nc3 Be7 11.Rd1 O-O 12.e5 Ne8 13.Nd5 dxe5 14.Nxe7+ 
Qxe7 15.Qd7 Qxd7 16.Rxd7 b6 17.Bg5 f6 18.Be3 Rf7 19.Rad1 h6 20.f4 e4 21.f5
Rxd7 22.Rxd7 c4 23.Bf4 a5 24.Kf2 Rc8 25.a4 c3 26.b3 Kh7 27.Ke3 Rc5 28.Kxe4
b5 29.Re7 bxa4 30.bxa4 Rc4+ 31.Ke3 Rxa4 32.Rxe8 Rc4 33.Re4 Rc5 34.g4 g6 
35.Re7+ Kg8 36.fxg6 Rc4 37.Rc7 Rxc7 38.Bxc7 Kg7 39.Bxa5 Kxg6 40.Kf4 1-0

[Event "XXIII C.to Italiano UISP"]
[Site "Rimini ITA"]
[Date "2002.12.??"]
[Round "1"]
[White "Rombaldoni, Denis"]
[Black "Dentale, Enrico"]
[Result "1-0"]
[WhiteElo "2061"]
[BlackElo "1738"]
[PlyCount "135"]
[EventDate "2002.12.12"]

1.d4 c5 2.d5 f5 3.Bg5 Qb6 4.Qc1 g6 5.e3 Bg7 6.c3 Nf6 7.Bc4 d6 8.Nd2 Na6 9.
a4 O-O 10.Ne2 Qd8 11.O-O Nc7 12.Bxf6 Bxf6 13.Rb1 e5 14.f3 b6 15.b4 Ba6 16.
Rd1 Qd7 17.Qc2 Rab8 18.bxc5 bxc5 19.Bxa6 Nxa6 20.Nc4 Qc7 21.Rb5 Rxb5 22.
axb5 Nb8 23.Ra1 Nd7 24.Ra6 Nb6 25.Nxb6 axb6 26.Qa2 c4 27.Qa3 Rf7 28.Kf2 
Kg7 29.Nc1 e4 30.f4 g5 31.Ne2 h6 32.Qb4 Rf8 33.Qa3 Rf7 34.Ra4 Rd7 35.Qb4 
Qc5 36.Qxc4 Rc7 37.Qxc5 Rxc5 38.c4 Kg6 39.g3 Kh5 40.h3 Kg6 41.fxg5 hxg5 
42.Ke1 Be5 43.Kd2 Rc7 44.Ra6 Rxc4 45.Rxb6 Rc5 46.Rb8 Rxd5+ 47.Ke1 Rd3 48.
b6 Rb3 49.b7 d5 50.Rd8 Rxb7 51.Rxd5 Kf6 52.Ra5 Rb6 53.Kf2 Rc6 54.Ra3 Ke6 
55.Ra5 Bf6 56.Rb5 Rd6 57.g4 fxg4 58.hxg4 Be5 59.Rc5 Kf6 60.Rc4 Rd3 61.Rxe4
Bb8 62.Kf3 Ba7 63.Nd4 Ra3 64.Re6+ Kf7 65.Re4 Kf6 66.Nb5 Ra6 67.Nc7 Rc6 68.
Nd5+ 1-0

[Event "XXIII C.to Italiano UISP"]
[Site "Rimini ITA"]
[Date "2002.12.??"]
[Round "1"]
[White "Sudiro, Giuseppe"]
[Black "Badano, Giancarlo"]
[Result "1-0"]
[WhiteElo "1524"]
[BlackElo "1675"]
[PlyCount "101"]
[EventDate "2002.12.12"]

1.d4 e6 2.e4 d5 3.Bd3 dxe4 4.Bxe4 Nf6 5.Bf3 c5 6.c3 cxd4 7.cxd4 Qb6 8.Ne2 
Bd7 9.Nbc3 Bc6 10.d5 exd5 11.Nxd5 Nxd5 12.Bxd5 Bxd5 13.Qxd5 Bb4+ 14.Nc3 
O-O 15.O-O Rd8 16.Qf3 Qc6 17.Ne4 Re8 18.Ng5 Qxf3 19.Nxf3 Nc6 20.Be3 Be7 
21.Rac1 Bf6 22.b3 Rac8 23.Rc4 Rcd8 24.b4 a6 25.a4 Rd7 26.Bb6 Ne5 27.Nxe5 
Bxe5 28.g3 g6 29.Re1 Re6 30.Be3 Kg7 31.Kg2 h6 32.Re4 Bf6 33.Rxe6 fxe6 34.
Bc5 Kf7 35.Re4 g5 36.Be3 Rc7 37.b5 axb5 38.axb5 Rc3 39.b6 Rd3 40.Rc4 Rd7 
41.Kf3 Kg6 42.Ke4 Kf7 43.f4 Kg6 44.fxg5 hxg5 45.Rc7 Rh7 46.Bg1 Bd8 47.Rxh7
Kxh7 48.Ke5 Kg6 49.Kxe6 Kh5 50.h3 g4 51.h4 1-0

[Event "XXIII C.to Italiano UISP"]
[Site "Rimini ITA"]
[Date "2002.12.??"]
[Round "1"]
[White "Voltolini, Mario"]
[Black "Vezzosi, Paolo"]
[Result "1/2-1/2"]
[WhiteElo "2215"]
[BlackElo "2394"]
[PlyCount "49"]
[EventDate "2002.12.12"]

1.e4 c6 2.d3 d5 3.Nd2 g6 4.g3 Bg7 5.Bg2 e5 6.Ngf3 Ne7 7.O-O O-O 8.Re1 d4 
9.Nc4 Qc7 10.Bd2 Nd7 11.c3 b5 12.Na3 dxc3 13.bxc3 Ba6 14.Nc2 c5 15.d4 Rad8
16.d5 Nc8 17.Qc1 Nd6 18.Bh6 Rfe8 19.Bxg7 Kxg7 20.Nh4 Nc4 21.Ne3 Nxe3 22.
Qxe3 Nb6 23.Bf1 Na4 24.Nf5+ gxf5 25.Qg5+ 1/2-1/2

[Event "XXIII C.to Italiano UISP"]
[Site "Rimini ITA"]
[Date "2002.12.??"]
[Round "2"]
[White "Alessi, Andrea"]
[Black "Caroli, Tommaso"]
[Result "0-1"]
[WhiteElo "1581"]
[BlackElo "1789"]
[PlyCount "98"]
[EventDate "2002.12.12"]

1.e4 d5 2.exd5 Nf6 3.d4 Nxd5 4.c4 Nb6 5.Nc3 g6 6.Be3 Bg7 7.Qd2 Nc6 8.O-O-O
O-O 9.Bh6 e5 10.h4 exd4 11.Bxg7 Kxg7 12.Qf4 Qe7 13.Ne4 f5 14.Ng5 Na4 15.
N1f3 h6 16.Re1 Qd8 17.Ne6+ Bxe6 18.Rxe6 Nc5 19.Re1 Rf7 20.Ne5 Rf6 21.Rd1 
Qd6 22.Re1 Re8 23.Be2 Nxe5 24.Qd2 Ne4 25.Qa5 Nxf2 26.Qb5 c6 27.c5 Qd7 28.
Qb3 Nxh1 29.Rxh1 Qf7 30.Qa3 a6 31.Kb1 Ng4 32.Bf3 Rfe6 33.Kc2 Re1 34.Rxe1 
Rxe1 35.Qd3 Qf6 36.Kd2 Qe5 37.Kc2 Qe3 38.Qd2 Qxd2+ 39.Kxd2 Rh1 40.b4 Ne5 
41.Be2 Rxh4 42.a3 d3 43.Bf3 Nxf3+ 44.gxf3 Rd4 45.f4 h5 46.a4 h4 47.b5 h3 
48.b6 h2 49.a5 h1=Q 0-1

[Event "XXIII C.to Italiano UISP"]
[Site "Rimini ITA"]
[Date "2002.12.??"]
[Round "2"]
[White "Antoniacci, Riccardo"]
[Black "Livecchi, Dario"]
[Result "0-1"]
[WhiteElo "1927"]
[BlackElo "2166"]
[PlyCount "54"]
[EventDate "2002.12.12"]

1.e4 c5 2.Nf3 Nc6 3.d4 cxd4 4.Nxd4 Nf6 5.Nc3 e5 6.Ndb5 d6 7.Bg5 a6 8.Na3 
b5 9.Nd5 Be7 10.Bxf6 Bxf6 11.c3 Bb7 12.Nc2 Ne7 13.a4 Nxd5 14.exd5 bxa4 15.
Rxa4 Qd7 16.Ne3 O-O 17.h4 Bd8 18.Bd3 f5 19.Bc2 Bb6 20.Nc4 Bc5 21.b4 Ba7 
22.Na5 e4 23.Rh3 Rae8 24.Ra3 e3 25.f3 e2 26.Qd2 Be3 27.Qxe2 Bc1 0-1